Normal view
MARC view
Entry Personal Name
001 - CONTROL NUMBER
- control field: 222811
003 - CONTROL NUMBER IDENTIFIER
- control field:
005 - DATE AND TIME OF LATEST TRANSACTION
- control field: 20210601202431.0
008 - FIXED-LENGTH DATA ELEMENTS
- fixed length control field: 210601|| aca||aabn | a|a d
040 ## - CATALOGING SOURCE
- Original cataloging agency:
- Transcribing agency:
100 ## - HEADING--PERSONAL NAME
- Personal name: Goldsmith, Joel S.
- Fuller form of name: (Joel Solman),
- Dates associated with a name: 1892-1954
670 ## - SOURCE DATA FOUND
- Source citation: Work cat.: (): Goldsmith, Joel S. (Joel Solman), 1892-1954, Infinite way letters, /, 1954-
